Fundamentals of electronic devices and linear IC / (Record no. 41424)

MARC details
000 -LEADER
fixed length control field 00707nam a22001937a 4500
005 - DATE AND TIME OF LATEST TRANSACTION
control field 20100812152921.0
010 ## - LCCN (DPL NO)
LC control number ENG-99938
020 ## - INTERNATIONAL STANDARD BOOK NUMBER
International Standard Book Number 9789350011024
Terms of availability 110.00
035 ## - SYSTEM CONTROL NUMBER
System control number EN-83470
037 ## - SOURCE OF ACQUISITION
Source of stock number/acquisition DBAD/PUB
082 ## - DEWEY DECIMAL CLASSIFICATION NUMBER
Classification number 621.3815
100 ## - MAIN ENTRY--PERSONAL NAME
Personal name Rajathi,S
245 ## - TITLE STATEMENT
Title Fundamentals of electronic devices and linear IC /
Statement of responsibility, etc by S Rajathi
260 ## - PUBLICATION, DISTRIBUTION, ETC. (IMPRINT)
Place of publication, distribution, etc Perambalur
Name of publisher, distributor, etc Mercury Printers & Publishers
Date of publication, distribution, etc 2009
270 ## - ADDRESS
Address Mercury Printers & Publishers
City Perambalur
Postal code 621212
300 ## - PHYSICAL DESCRIPTION
Extent 138p
Dimensions 21cm(pbk)
942 ## - ADDED ENTRY ELEMENTS (KOHA)
Source of classification or shelving scheme Dewey Decimal Classification
Item type English Books
Classification part 621.3815
Call number suffix SRA
Holdings
Withdrawn status Lost status Not for loan Collection code Home library Current library Date acquired Source of acquisition Cost, normal purchase price Full call number Barcode Copy number Cost, replacement price Koha item type
    Not For Loan Non-fiction D.B.Act.Division D.B.Act.Division 12/08/2010 DBAD/PUB 110.00 621.3815 SRA EN-83470 1 110.00 English Books

© Delhi Public Library
Hit Counter
free hit counter